000
00244nam a2200097Ia 4500
008
230915s9999 xx 000 0 und d
050
_a
SD 172.5 .S72 F67
100
_a
PHILIP MICHAEL S.
245
0
_a
FORESTS, TREES AND LIVELIHOODS
942
_c
BK
999
_c
201965
_d
201965